| 000 | 00582nam a22001817a 4500 | ||
|---|---|---|---|
| 008 | 190123b xxu||||| |||| 00| 0 eng d | ||
| 082 | _a371.394/H147u | ||
| 100 | _aHall, Tracey E. ed. | ||
| 245 | _aUniversal design for learning in the classroom; practical applications | ||
| 260 |
_aNew York: _bThe Guilford Press, _c2012. |
||
| 300 | _axix, 156p. | ||
| 504 | _aBibliography at the end of each chapter | ||
| 650 |
_aSpecial education _95883 |
||
| 650 | _aIndividualized instruction | ||
| 650 | _aCognitive styles | ||
| 650 | _aChildren with disabilities | ||
| 942 |
_2ddc _cGEN |
||
| 999 |
_c84149 _d84138 |
||